Buying Web Services : (Record no. 36096)

MARC details
000 -LEADER
fixed length control field 00477nam a22001697a 4500
005 - DATE AND TIME OF LATEST TRANSACTION
control field 20240710101127.0
008 - FIXED-LENGTH DATA ELEMENTS--GENERAL INFORMATION
fixed length control field 240710b |||||||| |||| 00| 0 eng d
020 ## - INTERNATIONAL STANDARD BOOK NUMBER
ISBN 9780471312895
082 ## - DEWEY DECIMAL CLASSIFICATION NUMBER
Classification number 658.054
Item number FRE-B
100 ## - MAIN ENTRY--AUTHOR
Author Name Frenza, J.P
245 ## - TITLE STATEMENT
Title Buying Web Services :
Remainder of title he Survival Guide to Outsourcing /
Statement of responsibility, etc. J.P.Frenza
260 ## - PUBLICATION, DISTRIBUTION, ETC.
Place of Publication india:
Name of publisher, distributor, etc. wiley;
Date of publication, distribution, etc. 1999.
300 ## - PHYSICAL DESCRIPTION
Pages xiv, 379 p, :
500 ## - GENERAL NOTE
General note include index.
650 ## - SUBJECT ADDED ENTRY--TOPICAL TERM
Subject / Department Networking
300 ## - PHYSICAL DESCRIPTION
-- ill;
-- 24 cm.
952 ## - LOCATION AND ITEM INFORMATION (KOHA)
-- 0
-- 0
Holdings
Lost status Damaged status Collection code Permanent Location Current Location Shelving Location Date acquired Full Call Number Accession No./Barcode Date last seen item type Koha item type
    CS/IT Superior Information Resource Center (SIRC) Superior University- Gold Campus Superior Information Resource Center (SIRC) Superior University- Main Campus Networking 07/10/2024 658.054 FRE-B 1999 2850 10/16/2024 BOOK BOOK

Powered by Koha